000 01398nam a22002777a 4500
003 dpl
005 20180717130121.0
008 180717b xxu||||| |||| 00| 0 eng d
010 _aB-074072
020 _c200.00
_a817882017
035 _aB-074072, B-074076, B-074073
037 _bCen Lib/Ret
040 _aDPL
_bHN
_c0
082 _a
_bधूमके
100 _aधूमकेतु
_960493
245 _aप्रियदर्शी अशोक :
_cधूमकेतु
_bगुजराती के प्रसिद्द उपन्यास 'प्रियदर्शी सम्राट अशोक' का हिंदी अनुवाद /
246 _aPriyadarshi Ashok : Gujrati ke prasidhh upanyas 'Priyadarshi Samrat Ashok' ka Hindi anuwaad /
_bby Dhumketu
260 _aदिल्ली
_bसुरेन्द्रकुमार एंड संस
_c2002
270 _a30/21ए-22ए, गली न.9, विश्वासनगर, शाहदरा
_bदिल्ली
_e110032
300 _a182पृ.
_c21सेमी (सजिल्द)
650 _a हिन्दी साहित्य
_960494
650 _a हिन्दी साहित्य -- उपन्यास
_946379
650 _aHindi literature
_960495
650 _aHindi literature -- Fiction
_960496
942 _2ddc
_cHN
_h
_mधूमके
999 _c115229
_d115229